Andhakārera deśe / (Record no. 82858)

MARC details
000 -LEADER
fixed length control field 00520nam a2200193 a 4500
001 - CONTROL NUMBER
control field sa 68009305
003 - CONTROL NUMBER IDENTIFIER
control field DLC
005 - DATE AND TIME OF LATEST TRANSACTION
control field 20260227112542.0
008 - FIXED-LENGTH DATA ELEMENTS--GENERAL INFORMATION
fixed length control field 980127s1955 ii 000 0 ben
010 ## - LIBRARY OF CONGRESS CONTROL NUMBER
LC control number sa 68009305
040 ## - CATALOGING SOURCE
Original cataloging agency DLC
Transcribing agency DLC
050 00 - LIBRARY OF CONGRESS CALL NUMBER
Classification number PK1718.G463
Item number A82 1955
100 1# - MAIN ENTRY--PERSONAL NAME
Personal name Ghosal, Panchanan,
Dates associated with a name 1905-
245 10 - TITLE STATEMENT
Title Andhakārera deśe /
Statement of responsibility, etc. Pañcānana Ghoshāla.
260 ## - PUBLICATION, DISTRIBUTION, ETC.
Place of publication, distribution, etc. Kalikātā :
Name of publisher, distributor, etc. G. Caṭṭopādhyāẏa,
Date of publication, distribution, etc. 1955.
300 ## - PHYSICAL DESCRIPTION
Extent 251 p. ;
Dimensions 21 cm.
546 ## - LANGUAGE NOTE
Language note In Bengali.
500 ## - GENERAL NOTE
General note Novel.

No items available.

Powered by Koha